Correct the Capitals Quiz Stats

 Plays Quiz not verified by Sporcle

Challenge
Share
Tweet
Embed
Score 0/15 Timer 02:00
0 Plays Today
Capital, Country Correct or Incorrect (I or C) % Correct
????
100%
????
97%
????
97%
????
80.6%
????
80.6%
????
74.6%
????
74.6%
????
73.1%
Capital, Country Correct or Incorrect (I or C) % Correct
????
71.6%
????
71.6%
????
68.7%
????
67.2%
????
67.2%
????
67.2%
????
65.7%

You're not logged in!

Compare scores with friends on all Sporcle quizzes.
OR
Log In

You Might Also Like...

Show Comments

Extras

Top Quizzes Today


Score Distribution

Your Account Isn't Verified!

In order to create a playlist on Sporcle, you need to verify the email address you used during registration. Go to your Sporcle Settings to finish the process.

Report this User

Report this user for behavior that violates our Community Guidelines.

Details: